000 00867nam a2200277 a 4500
003 AR-BaBNM
005 20251128204539.0
008 082120s2002 ||||||||||||||000 | spa||
040 _cAR-BaBNM
245 0 0 _aPara divertirnos cantando
_bcancionero recreativo para escuelas y campamentos
260 _aBuenos Aires
_bRicordi
_c1992
300 _a158 p.
_bpartituras
500 _aContiene índice alfabético en pág. 7-10, índice didáctico en pág. 11, índice por temas en pág. 13 y lista bibliográfica en pág.15-16
650 4 _aJUEGO
650 4 _aESCUELAS
650 4 _aCAMPAMENTO
650 4 _aCANCIONES
650 4 _aCANCIONES FOLKLORICAS
650 4 _aRITMO
650 4 _aMUSICA DE BAILE
650 4 _aJUEGOS EDUCATIVOS
650 4 _aCREACION ARTISTICA
700 1 _aHemsy de Gainza, Violeta
_ecompilador
942 _cBK
998 _cisola
999 _c7865
_d7865